000 00393nam a22001817a 4500
003 OSt
008 210630b ||||| |||| 00| 0 eng d
020 _a9789352906788
082 _a658.1511
_bKHM
100 _aKHAN,MY
245 _aManagement Accounting
250 _a7th
260 _aNew Delhi
_bTMH
_c2018
300 _aMISC
650 _aBBA
700 _aJAIN,PK
942 _2ddc
_cBK
999 _c10687
_d10687